Canciones 'Me muevo con Dios' - Cruz Cafuné - Estadísticas

Estadísticas generales
  • Esta prueba ha sido intentada 202 veces
  • La puntuación promedio es 15 de 23
Estadísticas de respuestas
Nombre % Correcto
23 Me Muevo Con Dios
96%
22 Fabiola
81%
6 Cangrinaje
77%
1 TURBO//Epifanía
77%
19 Movezz en silencio
76%
14 Sangre y Fe
72%
2 Dios #1
70%
5 4 PREZ
65%
10 Folelé
65%
20 G WAGON
64%
21 Practice
64%
8 FAXXXxxx
62%
4 BABI BOI
61%
7 Ja Morant
61%
17 Retro 11s
61%
12 Close friends
60%
15 goofy ahh luv joint
58%
9 ABAMA Jr.Suite
57%
16 LUISAViAROMA
55%
18 Corintios 13:12
51%
13 1€ cada vez
43%
11 RE-UP
43%
3 s3_e07_theboondocks_dvdrip.mpeg
35%
No se encontraron pruebas coincidentes
Distribución de puntuación
Porcentaje de gente con cada puntuación
Porcentaje por número respondido
Historial de tus puntuaciones
No has intentado esta prueba.